[Event "Lower Saxony-ch"]
[Site "Verden an der Aller"]
[Date "2025.01.04"]
[Round "5"]
[White "Garbuszus, Juergen"]
[Black "Ter Stal, Lars"]
[Result "1-0"]
[WhiteElo "2068"]
[BlackElo "1815"]
[PlyCount "101"]
[EventDate "2025.01.02"]
[EventType "swiss"]
[EventRounds "7"]
[EventCountry "GER"]
[SourceTitle "CB02_2025"]
[SourceDate "2025.01.08"]
[SourceVersion "1"]
[SourceVersionDate "2025.01.08"]
[SourceQuality "1"]

1. d4 Nf6 2. c4 e6 3. Nc3 Bb4 4. a3 Bxc3+ 5. bxc3 b6 6. f3 0-0 7. e4 d6 8. Bg5 Nbd7 9. Bd3 e5 10. Ne2 c5 11. d5 Re8 12. 0-0 Nf8 13. f4 exf4 14. Rxf4 Ng6 15. Rf2 Ne5 16. Bxf6 gxf6 17. Ng3 Kh8 18. Be2 Rg8 19. Nh5 f5 20. exf5 Qg5 21. Qc1 Ba6 22. Qxg5 Rxg5 23. h4 Rgg8 24. Rf4 h6 25. Kh2 Rge8 26. Nf6 Re7 27. Bf1 Rd8 28. Kh3 Nd7 29. Ne4 Ne5 30. Ng3 Rde8 31. f6 Ng6 32. fxe7 Nxf4+ 33. Kh2 Rxe7 34. Nf5 Re5 35. Nxd6 Kg7 36. g3 Nh5 37. Bd3 Kf6 38. Rf1+ Ke7 39. Nf5+ Ke8 40. g4 Nf6 41. Nxh6 Nxd5 42. Nxf7 Re3 43. Bg6 Re2+ 44. Kg3 Ne3 45. Rf4 Ke7 46. Re4+ Kf6 47. h5 Nf1+ 48. Kf3 Nd2+ 49. Kxe2 Nxe4 50. Ke3 Bxc4 51. Kxe4 1-0

[Event "Lower Saxony-ch"]
[Site "Verden an der Aller"]
[Date "2025.01.02"]
[Round "2"]
[White "Ter Stal, Lars"]
[Black "Giorgadze, Giorgi2"]
[Result "1/2-1/2"]
[WhiteElo "1815"]
[BlackElo "2273"]
[PlyCount "66"]
[EventDate "2025.01.02"]
[EventType "swiss"]
[EventRounds "7"]
[EventCountry "GER"]
[SourceTitle "CB02_2025"]
[SourceDate "2025.01.08"]
[SourceVersion "1"]
[SourceVersionDate "2025.01.08"]
[SourceQuality "1"]

1. e4 e6 2. d4 d5 3. Nd2 dxe4 4. Nxe4 Nd7 5. Nf3 Ngf6 6. Nxf6+ Nxf6 7. Bc4 Be7 8. 0-0 0-0 9. Re1 b6 10. Qe2 Bb7 11. c3 Nd5 12. Bb3 Bf6 13. Ne5 Qc8 14. Ng4 Bd8 15. Bc2 Nf6 16. Qd3 g6 17. Ne5 Nd7 18. Bh6 Nxe5 19. dxe5 Re8 20. Qg3 Be7 21. h4 Bf8 22. Bg5 Be7 23. h5 Bxg5 24. Qxg5 Qd8 25. Qg4 Qd2 26. Re2 Qh6 27. hxg6 hxg6 28. Be4 Bxe4 29. Rxe4 Kg7 30. Qh4 Qxh4 31. Rxh4 Red8 32. Rd4 c5 33. Rdd1 g5 1/2-1/2

[Event "Niedersachsen-ch op B"]
[Site "Verden"]
[Date "2019.01.04"]
[Round "3"]
[White "Brunner, Alexander1"]
[Black "Ter Stal, Lars"]
[Result "0-1"]
[WhiteElo "1448"]
[BlackElo "1721"]
[PlyCount "45"]
[EventDate "2019.01.03"]
[EventType "swiss"]
[EventRounds "7"]
[EventCountry "GER"]
[SourceTitle "EXT 2022"]
[Source "ChessBase"]
[SourceDate "2021.10.06"]
[SourceVersion "1"]
[SourceVersionDate "2021.10.06"]
[SourceQuality "1"]

1. e4 e6 2. d4 d5 3. exd5 exd5 4. c4 Nc6 5. Nc3 dxc4 6. d5 Nb4 7. Bxc4 Bc5 8. Nf3 Qe7+ 9. Be2 Bf5 10. 0-0 0-0-0 11. Bf4 Nf6 12. Bg5 Qd6 13. Bc4 h6 14. Bxf6 gxf6 15. a3 Nc2 16. Rc1 Qf4 17. Bd3 Bxd3 18. Qxd3 Nd4 19. Nxd4 Qxd4 20. Qf5+ Kb8 21. Ne4 Rxd5 22. Qxf6 Rg8 23. Nxc5 0-1

[Event "Pardubice Czech op-C 29th"]
[Site "Pardubice"]
[Date "2018.07.21"]
[Round "1"]
[White "Ter Stal, Lars"]
[Black "Polich, Sergey"]
[Result "0-1"]
[WhiteElo "1637"]
[BlackElo "2096"]
[PlyCount "66"]
[EventDate "2018.07.21"]
[EventType "swiss"]
[EventRounds "9"]
[EventCountry "CZE"]
[SourceTitle "CBM 186 Extra"]
[Source "ChessBase"]
[SourceDate "2018.08.24"]
[SourceVersion "1"]
[SourceVersionDate "2018.08.24"]
[SourceQuality "1"]

1. e4 c5 2. Nf3 Nc6 3. d3 g6 4. g3 Bg7 5. Bg2 Nf6 6. Nbd2 d5 7. 0-0 0-0 8. c3 Qc7 9. Re1 b6 10. Nf1 Rd8 11. e5 Ng4 12. d4 cxd4 13. cxd4 Nb4 14. Bf4 Qc2 15. a3 Qxf2+ 16. Kh1 Qc2 17. Re2 Qxd1 18. Rxd1 Ba6 19. Red2 Nd3 20. Kg1 Nxf4 21. gxf4 Bh6 22. h3 Bxf1 23. hxg4 Bxg2 24. Kxg2 Bxf4 25. Rc2 Rac8 26. Ne1 Rc4 27. Rxc4 dxc4 28. Kf3 Bxe5 29. Ke4 Bf6 30. Nf3 h6 31. a4 a6 32. Rh1 Kg7 33. g5 hxg5 0-1

[Event "Niedersachsen-ch op-B"]
[Site "Verden"]
[Date "2015.01.05"]
[Round "7"]
[White "Kiesel, Lara"]
[Black "Ter Stal, Lars"]
[Result "0-1"]
[WhiteElo "967"]
[BlackElo "1186"]
[PlyCount "68"]
[EventDate "2015.01.02"]
[EventType "swiss"]
[EventRounds "7"]
[EventCountry "GER"]
[SourceTitle "EXT 2018"]
[Source "ChessBase"]
[SourceDate "2017.10.13"]
[SourceVersion "1"]
[SourceVersionDate "2017.10.13"]
[SourceQuality "1"]

1. e4 e6 2. d4 d5 3. Nc3 Bb4 4. exd5 exd5 5. Nf3 Ne7 6. h3 Nbc6 7. Bb5 Bf5 8. 0-0 f6 9. Bf4 Qd7 10. Kh2 0-0-0 11. Na4 g5 12. Bd2 Bd6+ 13. Kg1 g4 14. Nh2 gxh3 15. Kh1 hxg2+ 16. Kxg2 Bh3+ 17. Kh1 Bxf1 18. Bxf1 Rhg8 19. Bg2 Nxd4 20. Nc3 Rg6 21. Qf1 Rdg8 22. Rc1 Rxg2 23. Qxg2 Rxg2 24. Kxg2 c6 25. Be3 Nef5 26. Bd2 Qg7+ 27. Kh1 Bxh2 28. Kxh2 Nf3+ 29. Kh1 Nxd2 30. Rg1 Qh6+ 31. Kg2 Qg5+ 32. Kh1 Qh4+ 33. Kg2 Qg4+ 34. Kh2 Nf3+ 0-1

[Event "Niedersachsen-ch op-B"]
[Site "Verden"]
[Date "2015.01.03"]
[Round "3"]
[White "Ter Stal, Lars"]
[Black "Bischoff, Norbert"]
[Result "0-1"]
[WhiteElo "1186"]
[BlackElo "1604"]
[PlyCount "37"]
[EventDate "2015.01.02"]
[EventType "swiss"]
[EventRounds "7"]
[EventCountry "GER"]
[SourceTitle "EXT 2018"]
[Source "ChessBase"]
[SourceDate "2017.10.13"]
[SourceVersion "1"]
[SourceVersionDate "2017.10.13"]
[SourceQuality "1"]

1. e4 e6 2. d4 d5 3. exd5 exd5 4. Bd3 Nc6 5. Ne2 Qh4 6. c3 Bd6 7. Nd2 Bg4 8. Qb3 0-0-0 9. Qxd5 Nf6 10. Qxf7 Rhf8 11. Qb3 Rde8 12. Nf1 Be6 13. Qc2 Ng4 14. Kd1 Nxf2+ 15. Kd2 Nxh1 16. Ne3 Qg5 17. c4 Bg4 18. Qb3 Qxe3+ 19. Kc3 0-1

[Event "Niedersachsen-ch U10"]
[Site "Norderney"]
[Date "2014.04.15"]
[Round "7"]
[White "Ter Stal, Lars"]
[Black "Hommer, Jeremy"]
[Result "0-1"]
[WhiteElo "1185"]
[BlackElo "1315"]
[PlyCount "132"]
[EventDate "2014.04.??"]
[EventType "swiss"]
[EventRounds "11"]
[EventCountry "GER"]
[SourceTitle "EXT 2017"]
[Source "ChessBase"]
[SourceDate "2016.10.25"]
[SourceVersion "1"]
[SourceVersionDate "2016.10.25"]
[SourceQuality "1"]

1. e4 c6 2. d4 d5 3. exd5 cxd5 4. Bd3 Nc6 5. c3 Nf6 6. Bf4 Bg4 7. Qb3 Qc8 8. Nd2 e6 9. Ngf3 Be7 10. 0-0 0-0 11. Rfe1 Rd8 12. Ne5 Bd6 13. Nxg4 Nxg4 14. Bxd6 Rxd6 15. Qa3 Rd8 16. Qb3 Qc7 17. Nf1 Rac8 18. Qd1 Nf6 19. Qf3 Ne7 20. Ng3 a6 21. Nh5 Nxh5 22. Qxh5 Ng6 23. Bxg6 hxg6 24. Qh4 Re8 25. Re3 Qe7 26. Qxe7 Rxe7 27. g3 Rc6 28. Kf1 Kf8 29. Ke2 Ke8 30. Kd3 Kd7 31. Rc1 Kd6 32. c4 dxc4+ 33. Rxc4 Rxc4 34. Kxc4 Rc7+ 35. Kd3 Rc1 36. Rf3 f6 37. Kd2 Rc4 38. Rb3 b5 39. Ra3 Rxd4+ 40. Kc3 Ra4 41. Rxa4 bxa4 42. Kb4 Kc6 43. Kxa4 Kb6 44. b4 e5 45. a3 f5 46. Kb3 g5 47. Kc4 g6 48. a4 e4 49. Kd5 Kb7 50. b5 axb5 51. axb5 Kb6 52. Ke5 Kxb5 53. Kf6 f4 54. gxf4 gxf4 55. Ke5 e3 56. fxe3 fxe3 57. h4 e2 58. h5 e1Q+ 59. Kf6 gxh5 60. Kg5 Qf2 61. Kg6 h4 62. Kg5 h3 63. Kg4 h2 64. Kg5 h1Q 65. Kg4 Qhg1+ 66. Kh5 Qfh2# 0-1

[Event "Niedersachsen-ch U10"]
[Site "Norderney"]
[Date "2014.04.14"]
[Round "5"]
[White "Ter Stal, Lars"]
[Black "Kiesel, Lara"]
[Result "1-0"]
[WhiteElo "1185"]
[BlackElo "829"]
[PlyCount "33"]
[EventDate "2014.04.??"]
[EventType "swiss"]
[EventRounds "11"]
[EventCountry "GER"]
[SourceTitle "EXT 2017"]
[Source "ChessBase"]
[SourceDate "2016.10.25"]
[SourceVersion "1"]
[SourceVersionDate "2016.10.25"]
[SourceQuality "1"]

1. e4 e6 2. d4 d5 3. exd5 exd5 4. Nc3 Nf6 5. Bd3 Bd6 6. Bg5 c6 7. Nge2 Be6 8. Qd2 Nbd7 9. f3 Qc7 10. 0-0-0 0-0 11. Qe1 h6 12. Bxf6 Nxf6 13. Qh4 Qb6 14. g4 Nh7 15. g5 Nxg5 16. Rhg1 Nxf3 17. Qxh6 1-0

[Event "Niedersachsen-ch op-B"]
[Site "Verden"]
[Date "2014.01.04"]
[Round "6"]
[White "Bassow, Diana"]
[Black "Ter Stal, Lars"]
[Result "1/2-1/2"]
[WhiteElo "816"]
[BlackElo "1025"]
[PlyCount "79"]
[EventDate "2014.01.02"]
[EventType "swiss"]
[EventRounds "7"]
[EventCountry "GER"]
[SourceTitle "EXT 2016"]
[Source "ChessBase"]
[SourceDate "2015.10.08"]
[SourceVersion "1"]
[SourceVersionDate "2015.10.08"]
[SourceQuality "1"]

1. e4 e6 2. Nf3 d5 3. Nc3 Nc6 4. Bb5 Bd7 5. exd5 exd5 6. Qe2+ Qe7 7. Qxe7+ Ngxe7 8. 0-0 0-0-0 9. d3 g6 10. Bg5 Re8 11. Rae1 Bg7 12. Bxe7 Rxe7 13. Rxe7 Nxe7 14. Bxd7+ Kxd7 15. Re1 Re8 16. Ne5+ Bxe5 17. Rxe5 c6 18. Na4 h6 19. Nc5+ Kd6 20. d4 b6 21. Nd3 Kd7 22. f4 Nf5 23. c3 f6 24. Rxe8 Kxe8 25. g4 Ne3 26. h3 Ke7 27. Kf2 Nc4 28. b3 Na5 29. b4 Nc4 30. f5 gxf5 31. gxf5 Nd2 32. Kg3 Ne4+ 33. Kh4 Kf7 34. Kh5 Kg7 35. Nf4 Nxc3 36. Ne6+ Kh7 37. Nf8+ Kg7 38. Ne6+ Kh7 39. Nf8+ Kg7 40. Ne6+ 1/2-1/2

[Event "GER-chT North U12"]
[Site "Magdeburg"]
[Date "2013.09.12"]
[Round "1.3"]
[White "Ter Stal, Lars"]
[Black "Hausdorf, Lars"]
[Result "1-0"]
[WhiteElo "1131"]
[BlackElo "1388"]
[PlyCount "111"]
[EventDate "2013.09.12"]
[EventType "team-swiss"]
[EventRounds "7"]
[EventCountry "GER"]
[SourceTitle "EXT 2014"]
[Source "ChessBase"]
[SourceDate "2013.11.20"]
[SourceVersion "1"]
[SourceVersionDate "2013.11.20"]
[SourceQuality "1"]
[WhiteTeam "Nordhorn Blanke"]
[BlackTeam "Potsdam"]
[WhiteTeamCountry "GER"]
[BlackTeamCountry "GER"]

1. e4 e5 2. Nc3 Nf6 3. f4 d6 4. Nf3 Nc6 5. Bb5 exf4 6. d4 a6 7. Bxc6+ bxc6 8. Bxf4 Be7 9. e5 Nd5 10. Nxd5 cxd5 11. Qe2 0-0 12. 0-0-0 Qd7 13. exd6 Bxd6 14. Bxd6 Qxd6 15. Qd3 Bg4 16. Ng5 Qf4+ 17. Qd2 Qxd2+ 18. Rxd2 Rfe8 19. Rf1 f6 20. Nf3 Bxf3 21. Rxf3 Re7 22. b3 Rae8 23. Rc3 Kf7 24. Rc5 Rb8 25. Rxd5 Rb6 26. c4 Re1+ 27. Rd1 Re2 28. Rd2 Re1+ 29. Kc2 Rbe6 30. Rd7+ Re7 31. Rxe7+ Rxe7 32. d5 Re5 33. d6 cxd6 34. Rxd6 Ra5 35. Kb2 Ke7 36. Rb6 Kf7 37. b4 Re5 38. c5 Re2+ 39. Kb3 Rxg2 40. Rxa6 Rxh2 41. c6 Rh1 42. c7 Rc1 43. Ra7 Kg6 44. b5 f5 45. b6 f4 46. b7 f3 47. b8Q Rb1+ 48. Kc2 Rxb8 49. cxb8Q f2 50. Qb6+ Kg5 51. Ra5+ Kg4 52. Qb4+ Kg3 53. Ra3+ Kg2 54. Qg4+ Kf1 55. Rd3 Ke1 56. Rd1# 1-0

[Event "Niedersachsen-ch U10"]
[Site "Rotenburg"]
[Date "2012.04.05"]
[Round "10"]
[White "Ter Stal, Lars"]
[Black "Raymann, Lukas"]
[Result "1-0"]
[WhiteElo "806"]
[BlackElo "776"]
[PlyCount "35"]
[EventDate "2012.03.31"]
[EventType "swiss"]
[EventRounds "11"]
[EventCountry "GER"]
[SourceTitle "EXT 2015"]
[Source "ChessBase"]
[SourceDate "2014.11.20"]
[SourceVersion "1"]
[SourceVersionDate "2014.11.20"]
[SourceQuality "1"]

1. e4 e5 2. Nc3 Nc6 3. Bc4 Nf6 4. Nf3 Bb4 5. a3 Bxc3 6. dxc3 Nxe4 7. Qd5 0-0 8. Qxe4 Re8 9. Ng5 g6 10. Qh4 Kf8 11. Nxh7+ Kg8 12. Qxd8 Rxd8 13. Nf6+ Kg7 14. Nd5 Rb8 15. Nxc7 e4 16. Bf4 d6 17. 0-0-0 Bg4 18. Rxd6 1-0